| 000 | 00780pam a2200277 a 4500 | ||
|---|---|---|---|
| 999 |
_c5799 _d5799 |
||
| 001 | 5799 | ||
| 003 | BD-JhCC | ||
| 005 | 20180328173356.0 | ||
| 008 | 830907s1984 nyua b 001 0 eng | ||
| 020 | _a0060409827 | ||
| 035 | _a(BD-JhCC)5799 | ||
| 040 |
_aDLC _cDLC _dDLC _dBD-JhCC |
||
| 041 | _aeng | ||
| 050 | 0 | 0 |
_aTA545 _b.B86 1984 |
| 082 | 0 | 0 |
_a526.9 _219 _bBRI 1984 |
| 100 | 1 |
_aBrinker, Russell C. _q(Russell Charles), _d1908- |
|
| 245 | 1 | 0 |
_aElementary surveying / _cRussell C. Brinker, Paul R. Wolf. |
| 250 | _a7th ed. | ||
| 260 |
_aNew York : _bHarper & Row, _cc1984. |
||
| 300 |
_axvi, 608 p. : _bill. (some col.) ; _c24 cm. |
||
| 504 | _aIncludes bibliographies and index. | ||
| 650 | 0 | _aSurveying. | |
| 700 | 1 | _aWolf, Paul R. | |
| 942 |
_2ddc _cBK |
||